000 00550nam a22001811c 4500
001 334150868
008 071109s2001 gw |||| 000u ger d
020 _a3593368455
_93-593-36845-5
041 _ager
100 1 _aHaupt, Heinz-Gerhard
245 0 0 _aNation und Religion in der deutschen Geschichte /
_cHeinz-Gerhard Haupt, Dieter Langewiesche (Hg.)
264 _aFrankfurt/Main [u.a.] :
_bCampus,
_c2001
300 _a655 S. ; 21 cm
700 1 _aLangewiesche, Dieter
_eVerfasserIn
942 _cMG
040 _cRU-10907106
003 RU-10907106
999 _c13500
_d13500